00439nam a22001457a 450000500170000002000260001703500130004303700180005608200140007410000170008824501010010525000130020626000460021930000280026520170531161643.0 c945.00a9789350719855 aB-666064 aDPLbVariety  a346.54066 aKapoor, G.K. aCompany law and practice-II /cby G.K. Kapoorba comprehensive text book on companies act 2013 / a21st ed. aNew DelhibSultan Chand and Companyc2016 aI-11,1117p.c21cm (pbk)